| 000 | 00722nam a2200229Ia 4500 | ||
|---|---|---|---|
| 001 | 15522 | ||
| 003 | GE_BSU | ||
| 008 | 181216s||||||||xx |||||||||||||| ||und|| | ||
| 040 | _cGE_BSU | ||
| 080 | _a821.353.1-31 | ||
| 100 | _aჩხეიძე,ოთარ | ||
| 245 | _aტინის ხიდი. კარი მეორე | ||
| 245 | _bრომანი | ||
| 245 | _cრედ.ა.გომიაშვილი. მხატვ.გ.გიგაური | ||
| 260 | _aთბილისი | ||
| 260 | _bსაბჭოთა საქართველო | ||
| 260 | _c1968 | ||
| 300 | _a383გვ.18სმ. | ||
| 653 | _aრომანი | ||
| 653 | _aტინის ხიდი | ||
| 942 | _cBK | ||
| 999 |
_c48622 _d48622 |
||